000 00874nam a2200301Ia 4500
001 2628
003 IT-RoPAU
008 130308s9999 xx 000 0 und d
040 _aIT-RoPAU
040 _cIT-RoPAU
041 _aITALIANO
100 _aPesce Alberto
100 _gCodice Aut. SPICS: 2682
245 _aCineproposte-120 film in 16 mm
245 _bCineproposte-120 Film in 16 Mm
250 _a1a ed.
260 _aBRESCIA
260 _bLa Scuola
260 _c1978 [1° Ed.:1978 - Ed.Ling.Originale:1978]
300 _a"336 p. (prefazione: no ; testo: 336)"
500 _aCinema a passo ridotto Schede Filmografiche Antologie nazionali valutazioni del Ccc Film Divisi per Generi e Argomenti Trattati
650 _aSCHEDE FILMOGRAFICHE
650 _eCodice materia Spics: 6814
942 _cBK
957 _71
999 _c72728
_d72728
999 _bSI
999 _g1